| 000 | 01356nam a2200265Ia 4500 | ||
|---|---|---|---|
| 999 |
_c41435 _d41435 |
||
| 001 | 8097 | ||
| 003 | GE_BSU | ||
| 005 | 20240402161440.0 | ||
| 008 | 181216s2013||||ge |||||||||||||| ||geo|| | ||
| 020 | _a9789941434525 | ||
| 040 | _cGE_BSU | ||
| 041 | _ageo | ||
| 080 | _a532(075.8)+627.1(075.8) ს–48 | ||
| 245 |
_aსითხისა და აირის გამოყენებითი მექანიკა : _c სახელმძღვ. / _bგიზო ფარცხალაძე, გოჩა ჩავლეშვილი, ნინო დონდოლაძე [და სხვ.] ; |
||
| 264 |
_aბათუმი : _bბსუ, _c2013. |
||
| 300 |
_a247 გვ. ; _c20 სმ. _bნახ. |
||
| 504 | _aბიბლიოგრაფია გვ. 240-241 | ||
| 541 | _h5ლ.39თ. | ||
| 653 | _aსითხისა და აირის გამოყენებითი მექანიკა | ||
| 700 |
_aფარცხალაძე, გ. _eავტორი _92253 |
||
| 700 |
_aჩავლეშვილი, გ. _eავტორი _96235 |
||
| 700 |
_aდონდოლაძე, ნ. _eავტორი _96236 |
||
| 710 |
_aბათუმის შოთა რუსთაველის სახელმწიფო უნივერსიტეტი _921690 |
||
| 942 |
_cBK _2udc |
||